On This Day: October 6th II Quiz Stats

 Plays Quiz Updated Oct 6, 2018

Score 0/7 Timer 03:00
0 Plays Today
Question Answer Wrong Answers
Germany’s invasion of ______ ends after the Battle of Kock, with German and Soviet forces gaining full control of the country.
1939
Poland
83.5%
Austria
9.4%
Belgium
4.7%
France
1.9%
This Hall of Fame pitcher, whose 511 wins are the most in MLB history, plays in his final game.
1911
Cy Young
83.2%
Honus Wagner
7.4%
Bob Feller
5.2%
Warren Spahn
4.1%
This French monarch returns to Paris from Versailles after being confronted by an angry mob of Parisian working women.
1789
Louis XVI
81.5%
Louis XIII
13.7%
Henry IV
2.7%
Charles IX
2%
This epic historical drama film, directed by Stanley Kubrick and starring Kirk Douglas and Laurence Olivier, premieres in New York.
1960
Spartacus
67.9%
Gladiator
2.2%
Ben-Hur
28.2%
Sins of Rome
0.9%
President Bill Clinton and Republican Presidential Candidate ______ meet in their first debate.
1996
Bob Dole
63.4%
Jack Kemp
1.3%
George H. W. Bush
26.2%
Dan Quayle
7.9%
This photo-sharing app, created by Kevin Systrom and Mike Krieger, is released.
2010
Instagram
62.8%
Snapchat
26.4%
Flickr
6.9%
Tumblr
2.5%
______ proclaims that the Soviet Union has the atomic bomb.
1951
Joseph Stalin
52%
Vyacheslav Molotov
1.5%
Nikita Khrushchev
39.4%
Leonid Brezhnev
6.4%

You're not logged in!

Compare scores with friends on all Sporcle quizzes.
OR
Log In

Sporcle TV

Today on Sporcle TV


Watch our educational content, quiz creation guides, and fun videos on Sporcle TV.

Show Comments

Extras

Top Quizzes Today


Score Distribution

Your Account Isn't Verified!

In order to create a playlist on Sporcle, you need to verify the email address you used during registration. Go to your Sporcle Settings to finish the process.

Report this User

Report this user for behavior that violates our Community Guidelines.

Details: